000 00687nam a2200265Ia 4500
005 20260324152918.0
008 008 260324s9999 xx 000 0 eng d
020 _a9780123822079
037 _aEBOOK
040 _aCRL
040 _beng
040 _cCRL
041 _2eng
041 _aeng
084 _qCRL
100 _aArnold, Ken
_9857197
245 0 _aSurface Production Operations: Volume II: Design of Gas-Handling Systems and Facilities 3rd Edition
260 _bElsevier
260 _c2014
650 _aEngineering
856 _uhttps://www.sciencedirect.com/science/book/9780123822079
942 _cEBOOK
999 _c1841094
_d1841094